[Event "Wuerttemberg-chT Rapid"]
[Site "Boeblingen"]
[Date "2024.04.13"]
[Round "6.34"]
[White "Wezel, Sebastian"]
[Black "Hofer, Markus"]
[Result "0-1"]
[WhiteElo "1907"]
[BlackElo "2047"]
[PlyCount "52"]
[EventDate "2024.04.13"]
[EventType "team-tourn"]
[EventRounds "9"]
[EventCountry "GER"]
[SourceTitle "CB17_2024"]
[SourceDate "2024.04.24"]
[SourceVersion "1"]
[SourceVersionDate "2024.04.24"]
[SourceQuality "1"]

1. e4 Nf6 2. e5 Nd5 3. c4 Nb6 4. d4 d6 5. exd6 exd6 6. Be3 Be7 7. Nc3 Nc6 8. h3 0-0 9. Nf3 Bf5 10. b3 Bf6 11. Be2 Re8 12. 0-0 a5 13. Rc1 a4 14. d5 Nb4 15. Nd4 Bg6 16. a3 axb3 17. axb4 b2 18. Rb1 Bxb1 19. Qxb1 Bxd4 20. Bxd4 Qh4 21. Bxb6 cxb6 22. Qxb2 Re5 23. Nb5 Rae8 24. Bf3 Rg5 25. Kh1 Qxc4 26. Qc1 Qxb5 0-1

[Event "Stuttgart-chA int"]
[Site "Ditzingen"]
[Date "2018.05.11"]
[Round "4"]
[White "Schulte, Torsten"]
[Black "Wezel, Sebastian"]
[Result "1/2-1/2"]
[WhiteElo "2094"]
[BlackElo "1867"]
[PlyCount "84"]
[EventDate "2018.05.10"]
[EventType "swiss"]
[EventRounds "7"]
[EventCountry "GER"]
[SourceTitle "EXT 2020"]
[Source "ChessBase"]
[SourceDate "2019.10.17"]
[SourceVersion "1"]
[SourceVersionDate "2019.10.17"]
[SourceQuality "1"]

1. d4 Nf6 2. c4 g6 3. Nc3 Bg7 4. e4 d6 5. f4 c5 6. dxc5 Qa5 7. Bd3 Nfd7 8. Nge2 Nxc5 9. 0-0 Nc6 10. a3 Bg4 11. h3 Nxd3 12. Qxd3 Bxe2 13. Nxe2 0-0 14. Rb1 Qc7 15. Be3 b6 16. b4 Rfd8 17. Rfc1 Rab8 18. Nc3 Rb7 19. Nd5 Qb8 20. Qb3 e6 21. Nc3 Bf8 22. Rd1 Rbd7 23. Rd2 Qb7 24. Rbd1 Be7 25. f5 Bf6 26. fxe6 fxe6 27. Nb5 Be5 28. c5 bxc5 29. Qxe6+ Kg7 30. Nxd6 Bxd6 31. Rxd6 Rxd6 32. Rxd6 Rxd6 33. Qxd6 cxb4 34. axb4 Qxb4 35. Qd7+ Kg8 36. Qe6+ Kg7 37. Bf2 Nd8 38. Qd7+ Nf7 39. e5 Qb1+ 40. Kh2 Qf5 41. Qxa7 Qxe5+ 42. Bg3 Qd5 1/2-1/2

[Event "Stuttgart-chA int"]
[Site "Ditzingen"]
[Date "2018.05.10"]
[Round "1"]
[White "Wezel, Sebastian"]
[Black "Cofman, Veaceslav"]
[Result "0-1"]
[WhiteElo "1867"]
[BlackElo "2183"]
[PlyCount "62"]
[EventDate "2018.05.10"]
[EventType "swiss"]
[EventRounds "7"]
[EventCountry "GER"]
[SourceTitle "EXT 2020"]
[Source "ChessBase"]
[SourceDate "2019.10.17"]
[SourceVersion "1"]
[SourceVersionDate "2019.10.17"]
[SourceQuality "1"]

1. e4 e6 2. d4 d5 3. Nc3 Nf6 4. e5 Nfd7 5. f4 c5 6. Nf3 Nc6 7. Be3 a6 8. Qd2 b5 9. dxc5 Bxc5 10. Bd3 Qb6 11. Bf2 Bb7 12. 0-0 Ne7 13. a3 Bxf2+ 14. Qxf2 Rc8 15. Ne2 Nc5 16. b3 h5 17. Rfc1 Qd8 18. Ned4 g6 19. Ng5 Qd7 20. Rd1 Kf8 21. Qh4 Kg7 22. b4 Nxd3 23. Rxd3 Nf5 24. Ngxe6+ fxe6 25. Qf6+ Kh7 26. Nxe6 Rc6 27. Nf8+ Rxf8 28. Qxf8 Rxc2 29. Rh3 d4 30. g4 Rg2+ 31. Kf1 Rxg4 0-1

[Event "Deizisau op 12th"]
[Site "Deizisau"]
[Date "2017.10.28"]
[Round "1"]
[White "Wezel, Sebastian"]
[Black "Englmeier, Heinz"]
[Result "0-1"]
[WhiteElo "1889"]
[BlackElo "2225"]
[PlyCount "60"]
[EventDate "2017.10.28"]
[EventType "swiss"]
[EventRounds "7"]
[EventCountry "GER"]
[SourceTitle "CBM 181 Extra"]
[Source "ChessBase"]
[SourceDate "2017.12.12"]
[SourceVersion "1"]
[SourceVersionDate "2017.12.12"]
[SourceQuality "1"]

1. c4 Nf6 2. g3 g6 3. Bg2 Bg7 4. Nc3 0-0 5. Nf3 d6 6. d4 Nc6 7. 0-0 a6 8. h3 Rb8 9. e4 Nd7 10. Be3 e5 11. d5 Ne7 12. Ne1 f5 13. Nd3 Nf6 14. f4 Nxe4 15. fxe5 Nxc3 16. bxc3 dxe5 17. Qb3 Kh8 18. Rad1 Qe8 19. c5 e4 20. Nf4 Bd7 21. Rd2 Ng8 22. Re1 g5 23. Ne2 Qg6 24. Rf1 Nf6 25. Bd4 Nh5 26. Bxg7+ Qxg7 27. c4 Rbe8 28. Rd4 e3 29. Rf3 f4 30. gxf4 Nxf4 0-1

[Event "Stuttgart-chB int"]
[Site "Ditzingen"]
[Date "2016.05.08"]
[Round "7"]
[White "Duran, Suat"]
[Black "Wezel, Sebastian"]
[Result "0-1"]
[WhiteElo "1687"]
[BlackElo "1870"]
[PlyCount "94"]
[EventDate "2016.05.05"]
[EventType "swiss"]
[EventRounds "7"]
[EventCountry "GER"]
[SourceTitle "EXT 2018"]
[Source "ChessBase"]
[SourceDate "2017.10.13"]
[SourceVersion "1"]
[SourceVersionDate "2017.10.13"]
[SourceQuality "1"]

1. d4 Nf6 2. Nf3 g6 3. Bf4 Bg7 4. h3 d6 5. c4 0-0 6. Nc3 c5 7. e3 cxd4 8. exd4 d5 9. Be2 Nc6 10. 0-0 Bf5 11. Rc1 Rc8 12. Nxd5 Nxd5 13. cxd5 Qxd5 14. Bc4 Qd8 15. Be3 Be4 16. Nd2 Bd5 17. Bxd5 Qxd5 18. Qb3 Qxb3 19. Nxb3 Rfd8 20. Rc4 Rd5 21. f4 Rcd8 22. Rd1 Bf6 23. Kf2 R8d6 24. a4 a6 25. Rd2 b6 26. Kf3 h6 27. g3 Kg7 28. g4 e6 29. Ke2 Na5 30. Nxa5 Rxa5 31. b3 Rad5 32. Rd3 b5 33. axb5 Rxb5 34. Rc5 Rdb6 35. Rxb5 Rxb5 36. Bd2 a5 37. Ke3 Bd8 38. Rc3 Bb6 39. Rd3 Kf8 40. Ke2 Ke7 41. Kd1 h5 42. Kc2 Kd6 43. Bc3 Kd5 44. Re3 Bc7 45. gxh5 Bxf4 46. Rf3 Ke4 47. Rf1 Rxh5 0-1

[Event "Stuttgart-chB int"]
[Site "Ditzingen"]
[Date "2016.05.05"]
[Round "2"]
[White "Wezel, Sebastian"]
[Black "Longo, Massimo"]
[Result "0-1"]
[WhiteElo "1870"]
[BlackElo "1719"]
[PlyCount "116"]
[EventDate "2016.05.05"]
[EventType "swiss"]
[EventRounds "7"]
[EventCountry "GER"]
[SourceTitle "EXT 2018"]
[Source "ChessBase"]
[SourceDate "2017.10.13"]
[SourceVersion "1"]
[SourceVersionDate "2017.10.13"]
[SourceQuality "1"]

1. e4 d6 2. d4 Nf6 3. Nc3 e5 4. Nf3 Nbd7 5. Bc4 Be7 6. 0-0 0-0 7. h3 c6 8. a4 b6 9. Qe2 a6 10. Rd1 Qc7 11. Be3 Bb7 12. a5 b5 13. Bb3 c5 14. dxe5 dxe5 15. Nd5 Nxd5 16. Bxd5 Bxd5 17. Rxd5 Nf6 18. Rxe5 Bd6 19. Rf5 Nxe4 20. Qd3 Nf6 21. c3 Rad8 22. Qc2 Qc6 23. Bg5 Be7 24. Re1 Rfe8 25. Rfe5 Qd6 26. Qe2 Rd7 27. Nh4 g6 28. Qf3 Nd5 29. Rxd5 Qxd5 30. Qxd5 Rxd5 31. Rxe7 Rxe7 32. Bxe7 Rd1+ 33. Kh2 Rd2 34. Bxc5 Rxb2 35. Kg3 Ra2 36. Bb4 f5 37. Nf3 f4+ 38. Kxf4 Rxf2 39. g4 Re2 40. Nd4 Re1 41. h4 h6 42. Nb3 Rf1+ 43. Kg3 Rg1+ 44. Kh3 Rf1 45. Nc5 Rf3+ 46. Kg2 Rf6 47. Kg3 g5 48. hxg5 hxg5 49. Ne4 Rg6 50. Be7 Re6 51. Nf6+ Kf7 52. Nd5 Re5 53. Bxg5 Rxd5 54. Kf4 Rd3 55. c4 Rd4+ 56. Kf5 Rxc4 57. Bf6 Rc5+ 58. Be5 b4 0-1

[Event "Stuttgart-chB op"]
[Site "Ditzingen"]
[Date "2015.05.17"]
[Round "7"]
[White "Jenner, Erik"]
[Black "Wezel, Sebastian"]
[Result "0-1"]
[WhiteElo "1760"]
[BlackElo "1866"]
[PlyCount "34"]
[EventDate "2015.05.17"]
[EventType "swiss"]
[EventRounds "7"]
[EventCountry "GER"]
[SourceTitle "EXT 2018"]
[Source "ChessBase"]
[SourceDate "2017.10.13"]
[SourceVersion "1"]
[SourceVersionDate "2017.10.13"]
[SourceQuality "1"]

1. d4 Nf6 2. c4 g6 3. Nf3 Bg7 4. g3 0-0 5. Bg2 d6 6. 0-0 Nc6 7. Nc3 a6 8. a3 Nd7 9. e4 Na5 10. b3 c5 11. Be3 Rb8 12. Qc2 b5 13. Ne2 bxc4 14. bxc4 Nb6 15. Nd2 Be6 16. Rad1 Nbxc4 17. Nxc4 Bxc4 0-1

[Event "Stuttgart-chB op"]
[Site "Ditzingen"]
[Date "2015.05.16"]
[Round "5"]
[White "Baelz, Juergen"]
[Black "Wezel, Sebastian"]
[Result "0-1"]
[WhiteElo "1802"]
[BlackElo "1866"]
[PlyCount "82"]
[EventDate "2015.05.17"]
[EventType "swiss"]
[EventRounds "7"]
[EventCountry "GER"]
[SourceTitle "EXT 2018"]
[Source "ChessBase"]
[SourceDate "2017.10.13"]
[SourceVersion "1"]
[SourceVersionDate "2017.10.13"]
[SourceQuality "1"]

1. Nf3 g6 2. d4 Nf6 3. c4 Bg7 4. g3 0-0 5. Bg2 d6 6. Nc3 a6 7. 0-0 Nc6 8. Qc2 Bf5 9. e4 Bg4 10. Be3 Bxf3 11. Bxf3 e5 12. d5 Nd4 13. Bxd4 exd4 14. Ne2 Nd7 15. Bg2 c5 16. Rab1 b5 17. f4 Re8 18. Nc1 Ra7 19. b4 cxb4 20. Rxb4 Rc7 21. Re1 Nb6 22. Bf1 Qc8 23. Qf2 Nxc4 24. Nb3 Ne3 25. Bd3 Nc2 26. Bxc2 Rxc2 27. Re2 d3 28. Rxc2 dxc2 29. Nc1 Bc3 30. Rb3 Rxe4 31. Kg2 Bd4 32. Qd2 Qc4 33. Rd3 Qxd5 34. Kf1 Qc4 35. Kg2 Bb2 36. Rxd6 Bxc1 37. Rd8+ Kg7 38. Qxc1 Qe2+ 39. Kh3 Qh5+ 40. Kg2 Re2+ 41. Kf1 Qf3+ 0-1

[Event "Stuttgart-chB int"]
[Site "Ditzingen"]
[Date "2014.05.30"]
[Round "5"]
[White "Wezel, Sebastian"]
[Black "Peters, Theresa"]
[Result "0-1"]
[WhiteElo "1843"]
[BlackElo "1636"]
[PlyCount "68"]
[EventDate "2014.05.29"]
[EventType "swiss"]
[EventRounds "7"]
[EventCountry "GER"]
[SourceTitle "EXT 2015"]
[Source "ChessBase"]
[SourceDate "2014.11.20"]
[SourceVersion "1"]
[SourceVersionDate "2014.11.20"]
[SourceQuality "1"]

1. d4 Nf6 2. Nf3 g6 3. c4 Bg7 4. Nc3 0-0 5. e4 d6 6. Be2 e5 7. 0-0 Nc6 8. d5 Ne7 9. Ne1 Nd7 10. Nd3 f5 11. Bd2 f4 12. Bg4 Kh8 13. f3 Nf6 14. Bxc8 Rxc8 15. b4 g5 16. a4 h5 17. a5 Rg8 18. a6 b6 19. Nb5 Ra8 20. c5 g4 21. Rc1 Qd7 22. Na3 Bh6 23. Kh1 Rg6 24. Rg1 Rag8 25. Qe2 h4 26. cxd6 cxd6 27. b5 Nc8 28. Bb4 Bf8 29. Qc2 Ne7 30. Nb2 Nh5 31. Qc7 Qxc7 32. Rxc7 gxf3 33. h3 f2 34. Rf1 Rxg2 0-1

[Event "Stuttgart-chA int"]
[Site "Ditzingen"]
[Date "2013.05.12"]
[Round "7"]
[White "Suess, Stefan1111"]
[Black "Wezel, Sebastian"]
[Result "1/2-1/2"]
[WhiteElo "1826"]
[BlackElo "1848"]
[PlyCount "41"]
[EventDate "2013.05.09"]
[EventType "swiss"]
[EventRounds "7"]
[EventCountry "GER"]
[SourceTitle "EXT 2014"]
[Source "ChessBase"]
[SourceDate "2013.11.20"]
[SourceVersion "1"]
[SourceVersionDate "2013.11.20"]
[SourceQuality "1"]

1. d4 Nf6 2. Bf4 g6 3. e3 Bg7 4. Be2 d6 5. h3 0-0 6. Nd2 c5 7. c3 Be6 8. Ngf3 Qb6 9. Qc1 Rc8 10. 0-0 Nc6 11. dxc5 dxc5 12. Ng5 Bd7 13. Bc4 Be8 14. Ngf3 Bd7 15. e4 Ne8 16. e5 Nc7 17. Re1 Ne6 18. Bh2 Bh6 19. Qc2 Na5 20. Bd5 c4 21. Ne4 1/2-1/2

[Event "Stuttgart-chA int"]
[Site "Ditzingen"]
[Date "2013.05.11"]
[Round "5"]
[White "Helmich, Joerg"]
[Black "Wezel, Sebastian"]
[Result "0-1"]
[WhiteElo "1803"]
[BlackElo "1848"]
[PlyCount "56"]
[EventDate "2013.05.09"]
[EventType "swiss"]
[EventRounds "7"]
[EventCountry "GER"]
[SourceTitle "EXT 2014"]
[Source "ChessBase"]
[SourceDate "2013.11.20"]
[SourceVersion "1"]
[SourceVersionDate "2013.11.20"]
[SourceQuality "1"]

1. e4 c5 2. Nc3 Nc6 3. f4 g6 4. Nf3 Bg7 5. Bb5 Nd4 6. Nxd4 cxd4 7. Ne2 Qb6 8. Bd3 Nf6 9. Ng3 d6 10. 0-0 Qc5 11. Kh1 0-0 12. Be2 b5 13. d3 Bb7 14. f5 Rac8 15. fxg6 fxg6 16. Bg4 Nxg4 17. Rxf8+ Rxf8 18. Qxg4 Bc8 19. Qe2 Bd7 20. h4 h6 21. Bd2 Qe5 22. Be1 Qf6 23. h5 Qh4+ 24. Kg1 Bg4 25. Qd2 Be5 26. Qxh6 Rf6 27. Bf2 gxh5 28. Nh1 Qh2+ 0-1

[Event "Deizisau op 7th"]
[Site "Deizisau"]
[Date "2012.10.27"]
[Round "1"]
[White "Wezel, Sebastian"]
[Black "Neyman, Igor"]
[Result "0-1"]
[WhiteElo "1883"]
[BlackElo "2322"]
[PlyCount "63"]
[EventDate "2012.10.27"]
[EventType "swiss"]
[EventRounds "7"]
[EventCountry "GER"]
[SourceTitle "EXT 2013"]
[Source "ChessBase"]
[SourceDate "2012.11.22"]
[SourceVersion "1"]
[SourceVersionDate "2012.11.22"]
[SourceQuality "1"]

1. e4 c5 2. Nf3 e6 3. d4 cxd4 4. Nxd4 Nf6 5. Nc3 Nc6 6. Ndb5 Bb4 7. a3 Bxc3+ 8. Nxc3 d5 9. exd5 exd5 10. Bd3 0-0 11. 0-0 d4 12. Ne2 Bg4 13. Re1 Re8 14. b4 Rc8 15. Bb2 a6 16. Qd2 Bxe2 17. Rxe2 Qd5 18. a4 Rxe2 19. Bxe2 Ne4 20. Qe1 Nd6 21. Rd1 Re8 22. b5 axb5 23. axb5 Nxb5 24. c4 Qe4 25. cxb5 Qxe2 26. Qxe2 Rxe2 27. Ba1 Na7 28. Kf1 Re8 29. Rxd4 Nxb5 30. Rb4 Nd6 31. Rb6 Nc4 32. Bb2 0-1

[Event "Stuttgart-chB int"]
[Site "Gerlingen"]
[Date "2011.06.04"]
[Round "6"]
[White "Wezel, Sebastian"]
[Black "Lebeda, Lukas"]
[Result "1/2-1/2"]
[WhiteElo "1848"]
[BlackElo "1681"]
[PlyCount "81"]
[EventDate "2011.06.02"]
[EventType "swiss"]
[EventRounds "7"]
[EventCountry "GER"]
[SourceTitle "EXT 2018"]
[Source "ChessBase"]
[SourceDate "2017.10.13"]
[SourceVersion "1"]
[SourceVersionDate "2017.10.13"]
[SourceQuality "1"]

1. e4 c5 2. Nf3 Nc6 3. d4 cxd4 4. Nxd4 g6 5. Nc3 Bg7 6. Be3 d6 7. Qd2 Nf6 8. f3 0-0 9. 0-0-0 a6 10. Kb1 Qc7 11. Be2 b5 12. Nxc6 Qxc6 13. Bh6 Be6 14. Bxg7 Kxg7 15. h4 h5 16. Nd5 Bxd5 17. exd5 Qd7 18. Qd4 Rac8 19. c4 bxc4 20. Bxc4 Qa4 21. b3 Qa5 22. g4 Kh7 23. Rhe1 Rfe8 24. Re3 Qc7 25. Rde1 a5 26. a4 Qc5 27. Qxc5 Rxc5 28. Rxe7 Rxe7 29. Rxe7 Kg7 30. g5 Nxd5 31. Rd7 Rc7 32. Rxd6 Ne3 33. Rd4 Nf5 34. Re4 Nd6 35. Rd4 Nf5 36. Rf4 Rd7 37. Kc1 Rd6 38. Kc2 Rd4 39. Rxd4 Nxd4+ 40. Kc3 Nxf3 41. b4 1/2-1/2

[Event "Stuttgart-chB int"]
[Site "Ditzingen"]
[Date "2010.05.16"]
[Round "7"]
[White "Wezel, Sebastian"]
[Black "Keller, Marcel"]
[Result "1-0"]
[WhiteElo "1793"]
[BlackElo "1552"]
[PlyCount "79"]
[EventDate "2010.05.13"]
[EventType "swiss"]
[EventRounds "7"]
[EventCountry "GER"]
[SourceTitle "EXT 2018"]
[Source "ChessBase"]
[SourceDate "2017.10.13"]
[SourceVersion "1"]
[SourceVersionDate "2017.10.13"]
[SourceQuality "1"]

1. e4 d6 2. d4 g6 3. Nc3 Bg7 4. Be3 Nf6 5. f3 0-0 6. Qd2 Nbd7 7. 0-0-0 e5 8. h4 exd4 9. Bxd4 h5 10. g4 Nb6 11. g5 Ne8 12. Nh3 Bxd4 13. Qxd4 Ng7 14. Qd2 Be6 15. Nf4 Bc4 16. Qf2 Ne6 17. Bxc4 Nxc4 18. Nfd5 Ne5 19. Nf6+ Kg7 20. f4 Nd7 21. Ncd5 c6 22. Nxd7 Qxd7 23. Nf6 Qe7 24. f5 Nc5 25. Nxh5+ Kh7 26. Nf6+ Kg7 27. h5 Rh8 28. h6+ Kf8 29. Qd4 Qe5 30. Qxd6+ Qxd6 31. Rxd6 Ke7 32. Rhd1 a5 33. b3 Rac8 34. a3 Ra8 35. Kb2 Ra6 36. Rd8 Ra8 37. Rxa8 Rxa8 38. b4 axb4 39. axb4 Nxe4 40. Rd7+ 1-0

[Event "Stuttgart-chB int"]
[Site "Ditzingen"]
[Date "2010.05.14"]
[Round "4"]
[White "Hua, Qi Cheng"]
[Black "Wezel, Sebastian"]
[Result "1/2-1/2"]
[WhiteElo "1656"]
[BlackElo "1793"]
[PlyCount "25"]
[EventDate "2010.05.13"]
[EventType "swiss"]
[EventRounds "7"]
[EventCountry "GER"]
[SourceTitle "EXT 2018"]
[Source "ChessBase"]
[SourceDate "2017.10.13"]
[SourceVersion "1"]
[SourceVersionDate "2017.10.13"]
[SourceQuality "1"]

1. d4 Nf6 2. c4 c5 3. d5 b5 4. cxb5 a6 5. bxa6 Bxa6 6. Nc3 d6 7. Nf3 g6 8. g3 Bg7 9. Bg2 0-0 10. 0-0 Nbd7 11. Re1 Qa5 12. Bd2 Ng4 13. h3 1/2-1/2

[Event "Stuttgart-chB int"]
[Site "Ditzingen"]
[Date "2010.05.13"]
[Round "2"]
[White "Wezel, Sebastian"]
[Black "Kruck, Matthias"]
[Result "1-0"]
[WhiteElo "1793"]
[BlackElo "1638"]
[PlyCount "47"]
[EventDate "2010.05.13"]
[EventType "swiss"]
[EventRounds "7"]
[EventCountry "GER"]
[SourceTitle "EXT 2018"]
[Source "ChessBase"]
[SourceDate "2017.10.13"]
[SourceVersion "1"]
[SourceVersionDate "2017.10.13"]
[SourceQuality "1"]

1. e4 c5 2. Nf3 Nc6 3. d4 cxd4 4. Nxd4 Nf6 5. Nc3 g6 6. Nxc6 bxc6 7. e5 Nd5 8. Nxd5 cxd5 9. Qxd5 Rb8 10. e6 f6 11. exd7+ Bxd7 12. Bc4 e6 13. Qe4 Qe7 14. 0-0 Bg7 15. Re1 Kf7 16. c3 Rhe8 17. Bb3 Rb6 18. Be3 f5 19. Qf4 Ra6 20. Rad1 Kf8 21. f3 Bb5 22. a4 e5 23. Qb4 Qxb4 24. cxb4 1-0